The liberal art of science : (Record no. 27458)

000 -LEADER
fixed length control field 01064cam a2200265 a 4500
001 - CONTROL NUMBER
control field 3886549
003 - CONTROL NUMBER IDENTIFIER
control field OSt
005 - DATE AND TIME OF LATEST TRANSACTION
control field 20170208145304.0
008 - FIXED-LENGTH DATA ELEMENTS--GENERAL INFORMATION
fixed length control field 900409s1990 dcu 000 0 eng
010 ## - LIBRARY OF CONGRESS CONTROL NUMBER
LC control number 90000570
020 ## - INTERNATIONAL STANDARD BOOK NUMBER
International Standard Book Number 0871683784 :
Terms of availability $12.95
040 ## - CATALOGING SOURCE
Original cataloging agency DLC
Transcribing agency DLC
Modifying agency DLC
050 00 - LIBRARY OF CONGRESS CALL NUMBER
Classification number Q181 .L53 1990
082 00 - DEWEY DECIMAL CLASSIFICATION NUMBER
Classification number 507.1
Edition number 20
110 2# - MAIN ENTRY--CORPORATE NAME
Corporate name or jurisdiction name as entry element Project on Liberal Education and the Sciences (American Association for the Advancement of Science)
245 14 - TITLE STATEMENT
Title The liberal art of science :
Remainder of title agenda for action : the report of the Project on Liberal Education and the Sciences.
260 ## - PUBLICATION, DISTRIBUTION, ETC. (IMPRINT)
Place of publication, distribution, etc. Washington, D.C. :
Name of publisher, distributor, etc. American Association for the Advancement of Science,
Date of publication, distribution, etc. 1990.
300 ## - PHYSICAL DESCRIPTION
Extent xix, 121 p. ;
Dimensions 28 cm.
440 #0 - SERIES STATEMENT/ADDED ENTRY--TITLE
Title AAAS publication ;
Volume/sequential designation 90-13S
500 ## - GENERAL NOTE
General note Includes bibliographical references.
650 #0 - SUBJECT ADDED ENTRY--TOPICAL TERM
Topical term or geographic name as entry element Science
General subdivision Study and teaching.
906 ## - LOCAL DATA ELEMENT F, LDF (RLIN)
a 7
b cbc
c orignew
d 1
e ocip
f 19
g y-gencatlg
942 ## - ADDED ENTRY ELEMENTS (KOHA)
Source of classification or shelving scheme
Koha item type Hard Covered Materials
Classification part Q181 .L53 1990
Call number prefix 35054
Holdings
Withdrawn status Lost status Source of classification or shelving scheme Damaged status Not for loan Home library Current library Shelving location Date acquired Source of acquisition Total Checkouts Full call number Barcode Date last seen Price effective from Koha item type
          MACHAKOS UNIVERSITY LIBRARY MACHAKOS UNIVERSITY LIBRARY Technical section 08/02/2017 Donation(BFA)   Q181 .L53 1990 35054 31/05/2018 08/02/2017 Hard Covered Materials
© Machakos University Library, Along The Highway, Machakos Wote Rd, Machakos, Kenya P.O. Box 136 - 90100 Machakos - Kenya

Tel: ( +254 ) 723 805829 OR Fax : 044-20353 OR Email: library@mksu.ac.ke